000 00347 a2200133 4500
001 63091
040 _cAnchieta - Pituba
100 _aFRAGOSO, Rita de Cassia de Almeida
240 1 0 _a2ª Avaliação de Matemática, I Unidade
_lpor
245 1 0 _a2ª Avaliação de Matemática, I Unidade
362 0 _a2017
650 4 _aMatemática
942 _cBK
999 _c63091
_d63091